000 00783nai a2200217Ia 4500
003 IN-BaIIA
008 211028c9999 xx s 000 0 eng d
022 _a1070-9932 (Print)
022 _a1558-223X (Online)
040 _cIIA Library
245 0 _aIEEE Robotics & Automation Magazine
_h[eJournal]
260 _aNew York, USA
_bThe Institute of Electrical and Electronics Engineers, Inc. (IEEE)
310 _aQuarterly
362 _a1(1); 1994 - Present
521 _bSubscribed through National Knowledge Resource Consortium (NKRC)
650 _a Aerospace
650 _a Components, Circuits, Devices and Systems
650 _aRobotics and Control Systems
856 _uhttps://ieeexplore.ieee.org/servlet/opac?punumber=100
_yClick Here to Access eJournal
942 _cEJ
999 _c34588
_d34588